000 00558nam a2200229Ia 4500
003 OSt
005 20220928143412.0
006 a|||||r|||| 00| 0
007 ta
008 220927b |||||||| |||| 00| 0 eng d
024 _a22029
037 _cTextual
040 _aSDCL
_cSDCL
_beng
041 _2eng
_aeng
082 _aB78:291, J8
100 _aMilne-Thomson L M
_9351880
245 0 _aTheoretical aerodynamics.
250 _a4
260 _c1958
942 _hB78:291, J8
_cTEXL
_2CC
999 _c824048
_d824048